000
00313nam a2200121Ia 4500
008
220204s9999 xx 000 0 und d
082
_a
648.5
_b
GRU
100
_a
Grunfeld, N
245
0
_a
Spot check: How to cope with household stains
260
_a
Delhi
_b
Pustak Mahal
_c
1983
700
_a
Thomas, M
942
_c
BK
999
_c
38435
_d
38435